000 00566nam a22001697a 4500
999 _c12373
_d12373
008 210129b ||||| |||| 00| 0 eng d
041 _ahin
082 0 0 _a891.43
_bF253
245 1 0 _aAaj ki urdu kahaniyan /
_cedited by Tabassum Fatima
245 1 0 _aआज की उर्दू कहानियाँ /
_cतब्बसुम फातिमा द्वारा संपादित
260 _a[s.l.]
_bSanmarg Prakashan
_c?
300 _a.
365 _aRs.
_b08632
650 0 _aHindi fiction
700 _94528
_aFatima, Tabassum
_eeditor
942 _cBK